[Event "Mecklenburg VP Seniors op 11th"]
[Site "Plau am See"]
[Date "2007.??.??"]
[Round "5"]
[White "Garbe, Eckhard"]
[Black "Huhnstock, Freimut"]
[Result "0-1"]
[WhiteElo "1360"]
[BlackElo "1530"]
[PlyCount "140"]
[EventDate "2007.03.19"]
[EventType "swiss"]
[EventRounds "7"]
[EventCountry "GER"]
[SourceTitle "EXT 2008"]
[Source "ChessBase"]
[SourceDate "2007.11.25"]
[SourceVersion "1"]
[SourceVersionDate "2007.11.25"]
[SourceQuality "1"]

1. d4 d5 2. c4 c6 3. Nc3 Nf6 4. Nf3 e6 5. e3 Nbd7 6. Bd3 dxc4 7. Bxc4 Bb4 8. 0-0 Bxc3 9. bxc3 0-0 10. a4 a5 11. Rb1 c5 12. Ba3 b6 13. Qb3 Re8 14. Rfd1 Qc7 15. d5 Ba6 16. Bxa6 Rxa6 17. d6 Qb8 18. Rd3 Rd8 19. Qb5 Ra7 20. c4 e5 21. Nh4 g6 22. f3 Ne8 23. Rbd1 Qb7 24. e4 Raa8 25. Bb2 Rac8 26. Bc3 Qc6 27. Qb3 f6 28. g4 Kf7 29. R1d2 Ke6 30. Qd1 Nb8 31. Ng2 Rxd6 32. Ne3 Na6 33. Rxd6+ Nxd6 34. Kf2 Nc7 35. Ba1 Rd8 36. Ke2 Rd7 37. Qc2 Qb7 38. Qc3 Na6 39. g5 Nf7 40. gxf6 Rxd2+ 41. Qxd2 Kxf6 42. Ng4+ Ke6 43. Qd5+ Qxd5 44. exd5+ Kd6 45. Ke3 Nb8 46. h4 Nd7 47. Ke4 h5 48. Nf2 Nf6+ 49. Ke3 g5 50. hxg5 Nxg5 51. Ke2 Nf7 52. f4 Nd7 53. fxe5+ Nfxe5 54. Ne4+ Ke7 55. Bxe5 Nxe5 56. Nd2 Kf7 57. Ke3 Kg6 58. Ke4 Kf6 59. Kf4 Nd3+ 60. Kg3 Nb2 61. Ne4+ Ke7 62. Kh4 Nxa4 63. Kxh5 Nb2 64. Nd2 a4 65. Kg4 a3 66. Kf4 a2 67. Nb3 Nxc4 68. Kg3 Kd6 69. Kf2 Kxd5 70. Ke2 Na5 0-1

[Event "Mecklenburg VP Seniors op 11th"]
[Site "Plau am See"]
[Date "2007.??.??"]
[Round "6"]
[White "Huhnstock, Freimut"]
[Black "Ebel, Karl Heinz"]
[Result "1/2-1/2"]
[WhiteElo "1530"]
[BlackElo "1494"]
[PlyCount "84"]
[EventDate "2007.03.19"]
[EventType "swiss"]
[EventRounds "7"]
[EventCountry "GER"]
[SourceTitle "EXT 2008"]
[Source "ChessBase"]
[SourceDate "2007.11.25"]
[SourceVersion "1"]
[SourceVersionDate "2007.11.25"]
[SourceQuality "1"]

1. e4 c5 2. c3 d6 3. d4 cxd4 4. cxd4 e6 5. Nf3 Be7 6. Bd3 Nf6 7. Qc2 h6 8. Nc3 a6 9. h3 0-0 10. 0-0 b5 11. a3 Bb7 12. Be3 Nbd7 13. Qe2 Rc8 14. Rac1 Rc7 15. Rfd1 Qa8 16. Nd2 Rfc8 17. f3 Nh7 18. Nb3 e5 19. Na5 Bg5 20. d5 Bxe3+ 21. Qxe3 Nc5 22. Bb1 Qb8 23. g3 Ba8 24. b4 Nd7 25. h4 Nb6 26. Ba2 Nf6 27. g4 Nh7 28. Rd2 Na4 29. Rdc2 Qb6 30. Qxb6 Nxb6 31. Bb1 f6 32. Kf2 Nf8 33. h5 Nc4 34. Nxc4 Rxc4 35. Ne2 Rxc2 36. Rxc2 Rxc2 37. Bxc2 Nd7 38. Ng3 Nb6 39. Bb3 Bb7 40. Nf5 Nc8 41. a4 Kh7 42. Ne3 Nb6 1/2-1/2

[Event "Mecklenburg VP Seniors op 11th"]
[Site "Plau am See"]
[Date "2007.??.??"]
[Round "7"]
[White "Huhnstock, Freimut"]
[Black "Franke, Wilfried"]
[Result "1/2-1/2"]
[WhiteElo "1530"]
[BlackElo "1611"]
[PlyCount "93"]
[EventDate "2007.03.19"]
[EventType "swiss"]
[EventRounds "7"]
[EventCountry "GER"]
[SourceTitle "EXT 2008"]
[Source "ChessBase"]
[SourceDate "2007.11.25"]
[SourceVersion "1"]
[SourceVersionDate "2007.11.25"]
[SourceQuality "1"]

1. e4 e6 2. d4 d5 3. Nc3 Bb4 4. e5 c5 5. a3 cxd4 6. axb4 dxc3 7. bxc3 Qc7 8. Qd4 Nc6 9. Bb5 a6 10. Bxc6+ Qxc6 11. Ne2 Ne7 12. Ng3 Bd7 13. 0-0 Rc8 14. Bd2 0-0 15. Kh1 Ng6 16. Rfe1 Qc4 17. Rac1 Rc7 18. Qxc4 Rxc4 19. Re3 Rfc8 20. Ne2 Ba4 21. g3 Ne7 22. f4 Nf5 23. Rd3 Re4 24. Ng1 g6 25. Nf3 Bb5 26. g4 Ne7 27. Kg1 a5 28. Kf2 axb4 29. cxb4 Nc6 30. Rb3 Nd4 31. Nxd4 Rxd4 32. Be3 Rdc4 33. c3 d4 34. Bd2 dxc3 35. Rbxc3 Rxc3 36. Rxc3 Rxc3 37. Bxc3 h6 38. h4 Bd3 39. Ke3 Bc2 40. Kd4 Bd1 41. g5 Kh7 42. Kc5 Bf3 43. Bd4 hxg5 44. hxg5 Kg8 45. Kd6 Kf8 46. Kd7 Kg8 47. Bc5 1/2-1/2

[Event "Mecklenburg VP Seniors op 11th"]
[Site "Plau am See"]
[Date "2007.??.??"]
[Round "4"]
[White "Huhnstock, Freimut"]
[Black "Kohn, Willibald"]
[Result "0-1"]
[WhiteElo "1530"]
[BlackElo "1444"]
[PlyCount "106"]
[EventDate "2007.03.19"]
[EventType "swiss"]
[EventRounds "7"]
[EventCountry "GER"]
[SourceTitle "EXT 2008"]
[Source "ChessBase"]
[SourceDate "2007.11.25"]
[SourceVersion "1"]
[SourceVersionDate "2007.11.25"]
[SourceQuality "1"]

1. e4 e5 2. Nf3 Nc6 3. Bb5 Bc5 4. 0-0 Nge7 5. c3 0-0 6. d4 exd4 7. cxd4 Bb6 8. Nc3 d5 9. e5 h6 10. h3 Be6 11. Ba4 a6 12. a3 Ba7 13. Bc2 b5 14. b4 Nf5 15. Be3 f6 16. exf6 Qxf6 17. Ne2 Nd6 18. Ng3 Bxh3 19. Nh5 Qf7 20. Nf4 Bf5 21. Rc1 Bxc2 22. Rxc2 Nc4 23. Rc3 Ne7 24. Bc1 Bb6 25. Re1 Rfe8 26. Ne5 Nxe5 27. Rxe5 Ng6 28. Nxg6 Qxg6 29. Rxd5 Red8 30. Rxd8+ Rxd8 31. Qb3+ Qf7 32. Qxf7+ Kxf7 33. Rf3+ Kg8 34. Bb2 Bxd4 35. Bxd4 Rxd4 36. Re3 Kf7 37. Rc3 Rd7 38. Rc6 Ke7 39. Rxa6 Rd6 40. Ra7 Kd7 41. Kf1 Kc6 42. Ra6+ Kb7 43. Rxd6 cxd6 44. Ke2 Kc6 45. Ke3 Kd5 46. Kd3 g6 47. g3 g5 48. g4 Ke5 49. Ke3 d5 50. a4 bxa4 51. b5 a3 52. b6 Kd6 53. b7 Kc7 0-1

[Event "Mecklenburg VP Seniors op 11th"]
[Site "Plau am See"]
[Date "2007.??.??"]
[Round "3"]
[White "Klingenberg, Dietrich"]
[Black "Huhnstock, Freimut"]
[Result "1-0"]
[WhiteElo "1638"]
[BlackElo "1530"]
[PlyCount "47"]
[EventDate "2007.03.19"]
[EventType "swiss"]
[EventRounds "7"]
[EventCountry "GER"]
[SourceTitle "EXT 2008"]
[Source "ChessBase"]
[SourceDate "2007.11.25"]
[SourceVersion "1"]
[SourceVersionDate "2007.11.25"]
[SourceQuality "1"]

1. e4 c6 2. d4 d5 3. exd5 cxd5 4. c4 e6 5. c5 Nc6 6. Nf3 g6 7. Nc3 b6 8. Bb5 Bd7 9. Bxc6 Bxc6 10. Ne5 Qc7 11. Bf4 Qb7 12. b4 b5 13. a4 a6 14. 0-0 Bh6 15. Bxh6 Nxh6 16. Nxc6 Qxc6 17. axb5 axb5 18. Nxb5 0-0 19. Nd6 Nf5 20. b5 Qd7 21. Nxf5 gxf5 22. Rxa8 Rxa8 23. Qb3 Rb8 24. Qg3+ 1-0

[Event "Mecklenburg VP Seniors op 11th"]
[Site "Plau am See"]
[Date "2007.??.??"]
[Round "1"]
[White "Pamperin, Gerhard"]
[Black "Huhnstock, Freimut"]
[Result "1-0"]
[WhiteElo "1817"]
[BlackElo "1530"]
[PlyCount "47"]
[EventDate "2007.03.19"]
[EventType "swiss"]
[EventRounds "7"]
[EventCountry "GER"]
[SourceTitle "EXT 2008"]
[Source "ChessBase"]
[SourceDate "2007.11.25"]
[SourceVersion "1"]
[SourceVersionDate "2007.11.25"]
[SourceQuality "1"]

1. d4 Nf6 2. c4 e6 3. Nc3 Bb4 4. Bd2 0-0 5. Nf3 b6 6. e3 Bb7 7. Be2 Bxc3 8. Bxc3 Ne4 9. Rc1 Nxc3 10. Rxc3 d5 11. c5 c6 12. 0-0 b5 13. Bd3 Nd7 14. e4 dxe4 15. Bxe4 Nf6 16. Bb1 Nd5 17. Rb3 b4 18. Ne5 f5 19. Re1 Rf6 20. Rh3 Qe8 21. Nc4 Rb8 22. Nd6 Qe7 23. Nxf5 Qf7 24. Nd6 1-0